Loading...
Science - Physics | 0 | 3 | 1 | 1 | 25 | 77 | 95.00 | 0 | 0 |
Science - Chemistry | 0 | 3 | 1 | 2 | 25 | 87 | 109.00 | 0 | 0 |
Fine Arts - Visual Fine Arts | 0 | 3 | 2 | 0 | 20 | 59 | 89.00 | 1 | 2 |
Social Science | 0 | 2 | 0 | 1 | 20 | 98 | 99.50 | 1 | 2 |
Science - Biology | 0 | 2 | 1 | 1 | 15 | 114 | 121.00 | 0 | 0 |
Pop Culture | 0 | 1 | 0 | 0 | 10 | 57 | 57.00 | 0 | 0 |
Fine Arts - Other Fine Arts | 0 | 1 | 0 | 0 | 10 | 120 | 120.00 | 0 | 0 |
History - American History | 0 | 1 | 0 | 0 | 10 | 54 | 54.00 | 1 | 1 |
Literature - World/Other Literature | 0 | 1 | 0 | 0 | 10 | 103 | 103.00 | 0 | 0 |
Other Academic | 0 | 0 | 1 | 0 | -5 | 0.00 | 0 | 0 | |
Fine Arts - Classical Music | 0 | 0 | 1 | 0 | -5 | 0.00 | 0 | 0 |